Les albums de Rammstein - Statistiques

Statistiques générales
  • Ce quiz a été pris 141 fois
  • Le résultat moyen est 6 sur 7
Statistiques - réponses
Réponse % Correct
Mutter
92%
Rammstein
89%
Rosenrot
88%
Reise Reise
83%
Liebe ist fur alle da
82%
Herzeleid
81%
Sehnsucht
74%
Aucun quiz correspondant
Distribution des résultats
% des personnes avec chaque résultat
Percentile par nombre de réponses
Votre historique - résultats
Vous n’avez pas pris ce quiz